[Event "Rhein Main op-A 24th"]
[Site "Bad Homburg"]
[Date "2022.06.16"]
[Round "2"]
[White "Arugadoss, Bharath"]
[Black "Bahlo, Jens"]
[Result "1-0"]
[WhiteElo "1762"]
[BlackElo "1931"]
[PlyCount "83"]
[EventDate "2022.06.15"]
[EventType "swiss"]
[EventRounds "7"]
[EventCountry "GER"]
[SourceTitle "EXT 2023"]
[Source "ChessBase"]
[SourceDate "2022.10.05"]
[SourceVersion "1"]
[SourceVersionDate "2022.10.05"]
[SourceQuality "1"]

1. b3 Nc6 2. Bb2 d5 3. Nf3 Bg4 4. e3 e5 5. Be2 Bd6 6. d4 Bxf3 7. Bxf3 Nf6 8. 0-0 e4 9. Be2 Ne7 10. c4 c6 11. cxd5 cxd5 12. Bb5+ Nc6 13. a4 h5 14. f4 Ng4 15. Qe1 Be7 16. h3 Nh6 17. Ba3 Nf5 18. Bxe7 Qxe7 19. Nc3 Rd8 20. Rc1 0-0 21. Na2 Qa3 22. g4 hxg4 23. hxg4 Nh6 24. Qe2 Rd6 25. f5 f6 26. Bxc6 Rxc6 27. Rxc6 bxc6 28. Nc1 Qb4 29. Kg2 a5 30. Rh1 Nf7 31. Qc2 Ng5 32. Ne2 Rc8 33. Nf4 Kf7 34. Rd1 Nf3 35. Nxd5 Ne1+ 36. Rxe1 Qxe1 37. Qc4 Qd2+ 38. Kg3 Qd3 39. Qc5 Qxb3 40. Qe7+ Kg8 41. Qe6+ Kh7 42. Nxf6+ 1-0

[Event "Rhein Main op-B 21st"]
[Site "Bad Homburg"]
[Date "2018.05.30"]
[Round "1"]
[White "Weyerer, Noah"]
[Black "Arugadoss, Bharath"]
[Result "0-1"]
[WhiteElo "1263"]
[BlackElo "1734"]
[PlyCount "52"]
[EventDate "2018.05.30"]
[EventType "swiss"]
[EventRounds "7"]
[EventCountry "GER"]
[SourceTitle "EXT 2019"]
[Source "ChessBase"]
[SourceDate "2018.10.10"]
[SourceVersion "1"]
[SourceVersionDate "2018.10.10"]
[SourceQuality "1"]

1. d4 Nf6 2. Bf4 e6 3. e3 b6 4. Nf3 Bb7 5. Nbd2 c5 6. c3 Nc6 7. Bd3 Be7 8. Qe2 h5 9. h3 d5 10. Rd1 Bd6 11. Bg5 Qc7 12. e4 cxd4 13. cxd4 dxe4 14. Nxe4 Bb4+ 15. Bd2 Bxd2+ 16. Rxd2 0-0-0 17. Rc2 Kb8 18. Nxf6 gxf6 19. Be4 Qd6 20. Bxc6 Bxc6 21. Rd2 Rhg8 22. 0-0 Qf4 23. Kh1 Rxg2 24. Qe3 Rh2+ 25. Kg1 Rg8+ 26. Ng5 Rh1# 0-1